000 01517nam a2200337 a 4500
001 000038917
003 DO-SdBNP
005 20160330112254.0
007 000038917
008 150130s2012 dr acd 000 0 spa d
020 _a9789945173772
040 _aBPMSU
_bspa
_cBPMSU
092 _a372.83
_bC569s 3ro
245 0 0 _aCiencias sociales :
_beducación básica /
_ccolaboración Clara Dobarro; dirección editorial Doris Arroba Jácome, coordinación editorial Anna Rogero Soler
260 _aSanto Domingo :
_bSM,
_c2012.
300 _a167 p. :
_bil., retrs., mapas ;
_c29 cm.
490 1 _aProyecto Sé
505 0 _tEn las aguas del Caribe --
_tLos paisajes de República Dominicana --
_tPueblos y ciudades de mis isla --
_tHistorias y tradiciones --
_tEl trabajo es importante para los municipios --
_tLos municipios se necesitan --
_tCómo es la población dominicana --
_tHabitantes de la isla en el pasado --
_tNormas y leyes para vivir mejor --
_tCompartimos derechos y deberes --
650 _aCIENCIAS SOCIALES
_xENSEÑANZA ELEMENTAL
650 _aEDUCACIÓN PRIMARIA
650 4 _aCIENCIAS SOCIALES
_xESTUDIO Y EJERCICIOS
700 1 2 _aArroba Jácome, Doris
_eed.
700 1 2 _aDobarro, Clara
700 _aAnna Rogero Soler ;
_eed.
830 0 _aProyecto Sé
910 _aValidado. Control de calidad MFF
930 1 _lBND01
_mLF1
_820130506
_f01
_pHD
_g36709
942 _2ddc
_cBK
956 _aYLOCKWARD
_b10
_c20150603
_lBND01
_h1156
956 _aVMATEO
_b10
_c20150605
_lBMET02
_h00151
999 _c9426
_d9426